Statystyki dla Chorwackie żupanie

Kliknij tutaj aby rozwiązać quiz!

Ogólne statystyki

  • Ten quiz został rozwiązany 3 razy
  • Średni wynik to 8 z 21

Statystyki odpowiedzi

Żupania% Poprawnych
Zagrzeb
100%
zagrzebska
67%
bielowarsko-bilogorska
33%
brodzko-posawska
33%
dubrownicko-neretwiańska
33%
istryjska
33%
karlowacka
33%
kopriwnicko-kriżewczyńska
33%
krapińsko-zagorska
33%
licko-seńska
33%
medzimurska
33%
osijecko-barańska
33%
pożedzko-slawońska
33%
primorsko-gorska
33%
sisacko-moslawińska
33%
splicko-dalmatyńska
33%
szybenicko-knińska
33%
varażdińska
33%
virowiticko-podrawska
33%
vukowarsko-srijemska
33%
zadarska
33%

Rozkład punktacji

Percentyl według liczby udzielonych odpowiedzi

Procent ludzi z każdym wynikiem

Twoja historia wyników

Nie rozwiązałeś tego quizu